| 000 | 00855cam a22002411 4500 | ||
|---|---|---|---|
| 001 | g 01002318 | ||
| 003 | DLC | ||
| 005 | 20260227111257.0 | ||
| 008 | 800619s1892 mau b 000 0 ger | ||
| 010 | _ag 01002318 | ||
| 035 | _a(OCoLC)6438146 | ||
| 040 |
_aDLC _cOKentU _dOCoLC _dDLC |
||
| 042 | _apremarc | ||
| 050 | 0 | 0 |
_aPT2374.D2 _bG7 |
| 100 | 1 |
_aKeller, Gottfried, _d1819-1890. |
|
| 245 | 1 | 0 |
_aDietegen. _cNovelle von Gottfried Keller. With introduction and notes by Gustav Gruener ... |
| 260 |
_aBoston, _bGinn and Company, _c1892. |
||
| 300 |
_avi, 75 p. _c18 cm. |
||
| 490 | 0 | _aInternational modern language series | |
| 500 | _a"One of a collection of short village tales ... published in two volumes under the name, 'Die leute von Seedwyla'."--Introd. | ||
| 504 | _a"Keller's works": p. vi. | ||
| 700 | 1 |
_aGruener, Gustav, _d1863-1928, _eed. |
|
| 999 |
_c23948 _d23948 |
||